[Event "TUR Cup"]
[Site "Denizli"]
[Date "2023.07.21"]
[Round "8"]
[White "Metin, Mehmet"]
[Black "Eroz, Enis"]
[Result "0-1"]
[WhiteElo "2156"]
[BlackElo "1879"]
[PlyCount "112"]
[EventDate "2023.07.16"]
[EventType "team-tourn"]
[EventRounds "9"]
[EventCountry "TUR"]
[SourceTitle "CBM 215 Extra"]
[Source "ChessBase"]
[SourceDate "2023.09.30"]
[SourceVersion "1"]
[SourceVersionDate "2023.09.30"]
[SourceQuality "1"]

1. d4 Nf6 2. Nf3 d5 3. c4 e6 4. Nc3 Be7 5. Bg5 Nbd7 6. e3 0-0 7. Qc2 dxc4 8. Bxc4 a6 9. a4 c5 10. dxc5 Qa5 11. 0-0 Qxc5 12. Bd3 h6 13. Bf4 b6 14. Ne4 Qxc2 15. Bxc2 Bb7 16. Nd6 Bxf3 17. gxf3 Nh5 18. Rfd1 Ndf6 19. Nc4 Nxf4 20. exf4 Rad8 21. f5 Bc5 22. fxe6 fxe6 23. Ne5 Nd5 24. Be4 Nf4 25. Ng6 Nh3+ 26. Kf1 Nxf2 27. Nxf8 Rxd1+ 28. Rxd1 Nxd1 29. Nxe6 Bd6 30. h3 Nxb2 31. Bc2 Kf7 32. Nd4 Kf6 33. Ke2 Bc5 34. Nc6 Kg5 35. a5 bxa5 36. Nxa5 Kh4 37. Bf5 Kg3 38. Be6 Bb4 39. Nc6 Bc3 40. Ne7 a5 41. Nf5+ Kf4 42. Ne3 Ke5 43. Bf7 Kd4 44. h4 a4 45. Nd1 Nc4 46. Bg6 a3 47. Bb1 Bb4 48. h5 Nb6 49. Ba2 Nd5 50. Bxd5 Kxd5 51. Kd3 a2 52. Ne3+ Ke5 53. Nc2 Bc5 54. f4+ Kd5 55. f5 Be7 56. Ke3 Kc4 0-1

[Event "TUR Cup"]
[Site "Denizli"]
[Date "2023.07.19"]
[Round "6"]
[White "Eryigit, Yakup"]
[Black "Eroz, Enis"]
[Result "1-0"]
[WhiteElo "2025"]
[BlackElo "1879"]
[PlyCount "105"]
[EventDate "2023.07.16"]
[EventType "team-tourn"]
[EventRounds "9"]
[EventCountry "TUR"]
[SourceTitle "CBM 215 Extra"]
[Source "ChessBase"]
[SourceDate "2023.09.30"]
[SourceVersion "1"]
[SourceVersionDate "2023.09.30"]
[SourceQuality "1"]

1. Nf3 d5 2. g3 c5 3. Bg2 Nf6 4. 0-0 g6 5. c4 d4 6. b4 cxb4 7. a3 bxa3 8. Bxa3 Bg7 9. d3 0-0 10. Nbd2 Nc6 11. Qc2 Qc7 12. Rfb1 Re8 13. Rb5 Nd7 14. Rab1 b6 15. c5 bxc5 16. Bxc5 Ba6 17. R5b2 Rab8 18. Bxd4 e5 19. Rxb8 Ndxb8 20. Be3 Qe7 21. Ne4 Nd4 22. Nxd4 exd4 23. Bg5 Qe6 24. Qc7 Be5 25. Qxa7 Qa2 26. Nf6+ Bxf6 27. Rxb8 Qa1+ 28. Bf1 Rxb8 29. Qxb8+ Kg7 30. Bxf6+ Kxf6 31. Qh8+ Ke7 32. Qxh7 Bb7 33. Qh4+ Ke8 34. Qf4 Qb2 35. h4 Qb6 36. Qe5+ Kd7 37. Bh3+ f5 38. Bg2 Bxg2 39. Kxg2 Qc6+ 40. f3 Qb6 41. h5 gxh5 42. Qxf5+ Ke7 43. Qh7+ Kd8 44. Qxh5 Qb2 45. Qd5+ Ke7 46. Qe4+ Kf7 47. g4 Qa1 48. Kf2 Qb2 49. f4 Qb6 50. g5 Kf8 51. Qf5+ Kg8 52. g6 Kh8 53. Qf8# 1-0

[Event "TUR-ch U20"]
[Site "Samsun"]
[Date "2023.05.24"]
[Round "8"]
[White "Saka, Omer"]
[Black "Eroz, Enis"]
[Result "1/2-1/2"]
[WhiteElo "1843"]
[BlackElo "1830"]
[PlyCount "146"]
[EventDate "2023.05.19"]
[EventType "swiss"]
[EventRounds "9"]
[EventCountry "TUR"]
[SourceTitle "CBM 214 Extra"]
[Source "ChessBase"]
[SourceDate "2023.07.31"]
[SourceVersion "1"]
[SourceVersionDate "2023.07.31"]
[SourceQuality "1"]

1. d4 Nf6 2. c4 c6 3. Nf3 d5 4. g3 dxc4 5. Bg2 g6 6. 0-0 Bg7 7. Qc2 b5 8. Ne5 Bb7 9. b3 cxb3 10. axb3 0-0 11. e3 Nd5 12. Nd3 Na6 13. Ba3 b4 14. Bb2 Rc8 15. Rc1 Qb6 16. Nc5 Nxc5 17. Qxc5 Qxc5 18. Rxc5 e6 19. Nd2 a6 20. Ne4 Rfd8 21. Rc2 Ra8 22. Nc5 Bc8 23. Ra5 Kf8 24. Kf1 Ke7 25. Nd3 Bb7 26. Rc4 f5 27. Nxb4 Nxb4 28. Rxb4 Rab8 29. Rc5 Kd7 30. Rxb7+ Rxb7 31. Bxc6+ Kc7 32. Bxb7+ Kxb7 33. Ke2 Bf8 34. Rc4 Rd5 35. Kd3 Rb5 36. Kc2 Bd6 37. Bc3 g5 38. Ra4 h6 39. Ra1 Rb6 40. f3 Rc6 41. Kd3 Rb6 42. Rb1 Kc6 43. e4 Rb5 44. Kc4 Kd7 45. g4 Rb6 46. h3 Rc6+ 47. Kd3 f4 48. b4 Rb6 49. Rb2 Rb7 50. d5 e5 51. Kc4 Rc7+ 52. Kb3 Kc8 53. Rc2 Kb7 54. Ra2 Kb6 55. Bd2 Rc8 56. Ra1 Kb5 57. Be1 Rc7 58. Ra5+ Kb6 59. Ra1 Kb5 60. Ra5+ Kb6 61. Bc3 Rc8 62. Ra2 Kb5 63. Rc2 Rc4 64. Rb2 Rc8 65. Bd2 Rc4 66. Ra2 Rd4 67. Kc2 Rc4+ 68. Kd3 Bxb4 69. Bxb4 Rxb4 70. Kc3 Rc4+ 71. Kd3 Rd4+ 72. Kc3 Rc4+ 73. Kd3 Rd4+ 1/2-1/2

[Event "TUR-ch U20"]
[Site "Samsun"]
[Date "2023.05.23"]
[Round "7"]
[White "Eroz, Enis"]
[Black "Gokturk, Murat Kutay"]
[Result "1-0"]
[WhiteElo "1830"]
[BlackElo "1591"]
[PlyCount "85"]
[EventDate "2023.05.19"]
[EventType "swiss"]
[EventRounds "9"]
[EventCountry "TUR"]
[SourceTitle "CBM 214 Extra"]
[Source "ChessBase"]
[SourceDate "2023.07.31"]
[SourceVersion "1"]
[SourceVersionDate "2023.07.31"]
[SourceQuality "1"]

1. e4 c5 2. Nf3 d6 3. d4 cxd4 4. Nxd4 Nf6 5. Nc3 g6 6. Be2 Bg7 7. Be3 Nc6 8. 0-0 Bd7 9. f4 Rc8 10. Kh1 h5 11. Bf3 Ng4 12. Bg1 a6 13. a4 Na5 14. Qe1 Rc4 15. Rd1 Nc6 16. Nde2 Nb4 17. b3 Rc8 18. Rc1 Bc6 19. Nd5 Bxd5 20. Qxb4 Bc6 21. Nd4 Bh6 22. Rcd1 a5 23. Nxc6 bxc6 24. Qc3 Nf6 25. e5 Nd5 26. Qd4 Bg7 27. Bxd5 cxd5 28. Qxd5 0-0 29. exd6 exd6 30. c4 Rb8 31. Rf3 Qh4 32. Qxa5 Rfe8 33. Qg5 Qxg5 34. fxg5 Be5 35. a5 Ra8 36. b4 Reb8 37. Bb6 Bg7 38. Rxd6 Bf8 39. Rfd3 Re8 40. Rd8 Re1+ 41. Bg1 Rxd8 42. Rxd8 Kg7 43. c5 1-0

[Event "TUR-ch U20"]
[Site "Samsun"]
[Date "2023.05.22"]
[Round "5"]
[White "Eroz, Enis"]
[Black "Biyiksiz, Ali Batuhan"]
[Result "1-0"]
[WhiteElo "1830"]
[BlackElo "2107"]
[PlyCount "111"]
[EventDate "2023.05.19"]
[EventType "swiss"]
[EventRounds "9"]
[EventCountry "TUR"]
[SourceTitle "CBM 214 Extra"]
[Source "ChessBase"]
[SourceDate "2023.07.31"]
[SourceVersion "1"]
[SourceVersionDate "2023.07.31"]
[SourceQuality "1"]

1. e4 c5 2. Nf3 e6 3. c3 d5 4. exd5 Qxd5 5. Be2 Nf6 6. d4 Be7 7. Na3 0-0 8. Nb5 Na6 9. Be3 cxd4 10. Qxd4 Bc5 11. Qxd5 Nxd5 12. Bd2 Nac7 13. Nxc7 Nxc7 14. 0-0 f6 15. b4 Be7 16. c4 e5 17. Rfd1 Be6 18. a3 Rfd8 19. Be3 Rxd1+ 20. Rxd1 g5 21. Nd2 f5 22. Nf3 f4 23. Bc5 Bxc5 24. bxc5 Bg4 25. h3 Bh5 26. Kf1 Ne6 27. Nxe5 Bxe2+ 28. Kxe2 Nxc5 29. Kf3 Kg7 30. Rd5 Rc8 31. Kg4 h6 32. h4 Ne4 33. hxg5 hxg5 34. Kf5 Nf6 35. Rb5 b6 36. Kxg5 Rf8 37. Kxf4 Nd5+ 38. Kg4 Nf6+ 39. Kh3 Rh8+ 40. Kg3 Ne4+ 41. Kf3 Nc3 42. Rb3 Rf8+ 43. Kg4 Ne4 44. f4 Rd8 45. Kf5 Nd6+ 46. Ke6 Ne4 47. Re3 Re8+ 48. Kd7 Nf6+ 49. Kd6 Rc8 50. Rg3+ Kh7 51. Ke6 Ne4 52. Re3 Nc5+ 53. Kf7 Rc7+ 54. Kf6 Rc8 55. f5 Re8 56. Kf7 1-0

[Event "TUR-ch U13/18"]
[Site "Antalya"]
[Date "2023.01.25"]
[Round "6"]
[White "Eroz, Enis"]
[Black "Ince, Taylan Ruzgar"]
[Result "0-1"]
[WhiteElo "1827"]
[BlackElo "2267"]
[PlyCount "103"]
[EventDate "2023.01.17"]
[EventType "swiss"]
[EventRounds "10"]
[EventCountry "TUR"]
[SourceTitle "EXT 2024"]
[Source "ChessBase"]
[SourceDate "2023.10.10"]
[SourceVersion "1"]
[SourceVersionDate "2023.10.10"]
[SourceQuality "1"]

1. d4 Nf6 2. c4 g6 3. Nc3 d5 4. cxd5 Nxd5 5. e4 Nxc3 6. bxc3 Bg7 7. Bc4 c5 8. Ne2 0-0 9. 0-0 Nc6 10. Be3 Na5 11. Bd3 b6 12. Rc1 e5 13. f4 cxd4 14. cxd4 exf4 15. Rxf4 Bh6 16. Rf3 Bxe3+ 17. Rxe3 Bg4 18. Bb1 Rc8 19. Rxc8 Qxc8 20. h3 Bxe2 21. Rxe2 Rd8 22. Rc2 Qe6 23. Qd3 Qf6 24. d5 Qe5 25. Rc1 Nb7 26. Qc3 Qxc3 27. Rxc3 Nc5 28. Kf2 Kf8 29. Ke3 Ke7 30. g4 f6 31. Bc2 g5 32. Ra3 a6 33. Rc3 Kd6 34. Kd4 Rc8 35. Bd3 Rc7 36. Be2 Re7 37. Bf3 Re8 38. Bg2 Rc8 39. Bf1 Re8 40. Bg2 Re7 41. Bf3 Rc7 42. Be2 b5 43. a3 Nd7 44. Rf3 Rc2 45. Bf1 Ke7 46. Bd3 Ra2 47. Bf1 Ne5 48. Rb3 Kd6 49. Rc3 Rf2 50. Rc1 Rf3 51. Ra1 Rb3 52. a4 0-1

[Event "TUR-ch U13/18"]
[Site "Antalya"]
[Date "2023.01.24"]
[Round "5"]
[White "Tarhan, Adar"]
[Black "Eroz, Enis"]
[Result "1/2-1/2"]
[WhiteElo "2321"]
[BlackElo "1827"]
[PlyCount "319"]
[EventDate "2023.01.17"]
[EventType "swiss"]
[EventRounds "10"]
[EventCountry "TUR"]
[SourceTitle "EXT 2024"]
[Source "ChessBase"]
[SourceDate "2023.10.10"]
[SourceVersion "1"]
[SourceVersionDate "2023.10.10"]
[SourceQuality "1"]

1. e4 e6 2. d4 d5 3. Nd2 Nf6 4. e5 Nfd7 5. Bd3 c5 6. c3 Nc6 7. Ne2 cxd4 8. cxd4 f6 9. exf6 Nxf6 10. Nf3 Bd6 11. 0-0 0-0 12. Bf4 Bxf4 13. Nxf4 Ne4 14. Qc1 Qf6 15. Nh5 Qf5 16. Bxe4 Qxh5 17. Bd3 e5 18. Nxe5 Nxd4 19. Qe3 Nc6 20. Nxc6 bxc6 21. Qc5 Bd7 22. Rae1 Rfe8 23. Ba6 Qg6 24. Rxe8+ Rxe8 25. Rc1 Qg5 26. Bf1 Qd2 27. b4 Qxa2 28. Qc3 Rf8 29. f3 Bf5 30. Qd4 Rf7 31. Rxc6 h6 32. Rc5 Qb1 33. Rxd5 Bg6 34. Ra5 Qe1 35. Ra1 Bb1 36. Qb2 Qe3+ 37. Kh1 Bf5 38. Bc4 Be6 39. Qa2 Re7 40. h3 Bxc4 41. Qxc4+ Kh8 42. Rd1 Re8 43. Qf7 Qe7 44. Qc4 Qe2 45. Qd4 Qe3 46. Qd7 Qe7 47. Qb5 Rd8 48. Rxd8+ Qxd8 49. Qc5 Qd7 50. Kh2 Qf7 51. Qe5 Qf8 52. b5 Qd8 53. Kg3 Qa5 54. f4 Qa2 55. Qc5 Qe2 56. Qd5 Qe1+ 57. Kf3 Qg1 58. Kg4 Qe3 59. Qe5 Qd2 60. Qe8+ Kh7 61. Qe4+ Kh8 62. Kh5 Qd7 63. Qe5 Qf7+ 64. Kh4 Qd7 65. g4 Qf7 66. f5 Qf8 67. Qc7 Qf6+ 68. Kg3 Qd4 69. Qe7 Qd3+ 70. Kh4 Qxb5 71. Qxa7 Qe5 72. Qf7 Qe3 73. Qe6 Qg5+ 74. Kg3 Qd2 75. Qe7 Kh7 76. Kh4 Qc3 77. Qe6 Qf3 78. Qg6+ Kh8 79. Qd6 Qe3 80. Qe6 Qc3 81. Qe4 Qf6+ 82. Kg3 Qc3+ 83. Kg2 Qb2+ 84. Kg1 Qc3 85. Kg2 Qb2+ 86. Kg3 Qc3+ 87. Qf3 Qe5+ 88. Kf2 Qb2+ 89. Qe2 Qc3 90. Qe3 Qb2+ 91. Kf3 Qh2 92. Ke4 Qd6 93. Qd3 Qe7+ 94. Kf4 Qg5+ 95. Kg3 Qc1 96. Qd4 Qe1+ 97. Qf2 Qe5+ 98. Kg2 Qd5+ 99. Qf3 Qd2+ 100. Kf1 Qc1+ 101. Kf2 Qd2+ 102. Qe2 Qf4+ 103. Kg2 Qd4 104. h4 Qd5+ 105. Qf3 Qd2+ 106. Kh3 Qd8 107. Qe3 Qf6 108. Qf3 Qd8 109. Qe4 Qf6 110. Qe3 Qf8 111. Qf2 Qe7 112. Qf4 Qa3+ 113. Kg2 Qb2+ 114. Qf2 Qb4 115. Qf3 Qd2+ 116. Qf2 Qd5+ 117. Kg3 Qd6+ 118. Kh3 Qd3+ 119. Qg3 Qf1+ 120. Kh2 Qe2+ 121. Kg1 Qd1+ 122. Kf2 Qd2+ 123. Kf3 Qd3+ 124. Kg2 Qe2+ 125. Kh3 Qf1+ 126. Qg2 Qd3+ 127. Kh2 Qd6+ 128. Qg3 Qd1 129. Qb8+ Kh7 130. Qf4 Qe2+ 131. Kg3 Qe1+ 132. Qf2 Qc3+ 133. Qf3 Qe5+ 134. Kh3 Qe7 135. g5 hxg5 136. Qh5+ Kg8 137. Qxg5 Qe2 138. Qf4 Qd1 139. Qc4+ Kh8 140. Qe4 Qg1 141. h5 Qf1+ 142. Kg3 Qg1+ 143. Kh3 Qf1+ 144. Kg4 Qg1+ 145. Kf4 Qh2+ 146. Kg5 Qg3+ 147. Qg4 Qe3+ 148. Qf4 Qg1+ 149. Kh4 Qe1+ 150. Qg3 Qe4+ 151. Qg4 Qe1+ 152. Kh3 Qe3+ 153. Qg3 Qe4 154. Qf2 Qh1+ 155. Kg4 Qd1+ 156. Kh4 Qd8+ 157. Kg4 Qd1+ 158. Qf3 Qg1+ 159. Kh3 Qg5 160. Qg4 1/2-1/2

[Event "TUR-ch Youth"]
[Site "Denizli"]
[Date "2022.05.29"]
[Round "9"]
[White "Ilkimen, Mehmet Emre"]
[Black "Eroz, Enis"]
[Result "0-1"]
[WhiteElo "1904"]
[BlackElo "1680"]
[PlyCount "42"]
[EventDate "2022.05.24"]
[EventType "swiss"]
[EventRounds "9"]
[EventCountry "TUR"]
[SourceTitle "EXT 2023"]
[Source "ChessBase"]
[SourceDate "2022.10.05"]
[SourceVersion "1"]
[SourceVersionDate "2022.10.05"]
[SourceQuality "1"]

1. d4 Nf6 2. Nf3 e6 3. c3 c5 4. e3 b6 5. Bd3 Bb7 6. 0-0 d5 7. Nbd2 Nbd7 8. Re1 Ne4 9. Nf1 Bd6 10. N3d2 Qh4 11. Nxe4 dxe4 12. Be2 Ke7 13. b3 h5 14. Bd2 Nf6 15. Rc1 Rh6 16. c4 Rah8 17. g3 Qh3 18. dxc5 bxc5 19. b4 h4 20. Qa4 hxg3 21. fxg3 Bxg3 0-1

[Event "TUR-ch Youth"]
[Site "Denizli"]
[Date "2022.05.26"]
[Round "5"]
[White "Basdar, Atakan"]
[Black "Eroz, Enis"]
[Result "0-1"]
[WhiteElo "1451"]
[BlackElo "1680"]
[PlyCount "82"]
[EventDate "2022.05.24"]
[EventType "swiss"]
[EventRounds "9"]
[EventCountry "TUR"]
[SourceTitle "EXT 2023"]
[Source "ChessBase"]
[SourceDate "2022.10.05"]
[SourceVersion "1"]
[SourceVersionDate "2022.10.05"]
[SourceQuality "1"]

1. e4 e6 2. d3 d5 3. Nd2 c5 4. g3 Nc6 5. Bg2 Nf6 6. Ngf3 Be7 7. 0-0 0-0 8. Re1 Qc7 9. c3 b5 10. Nf1 Rd8 11. e5 Nd7 12. Bf4 Bb7 13. h4 d4 14. h5 Nb6 15. h6 g6 16. Ng5 c4 17. Qg4 dxc3 18. bxc3 cxd3 19. Be4 Qc8 20. Rad1 Nc4 21. Bg2 N6a5 22. Ne4 Qc7 23. Bg5 Nb2 24. Qh4 Nc6 25. Bxe7 Qxe7 26. Qxe7 Nxe7 27. Nf6+ Kh8 28. Bxb7 Nxd1 29. Bxa8 Nxc3 30. Bf3 d2 31. Rd1 Nxd1 32. Bxd1 Rc8 33. Ne3 Rc1 34. Kf1 Nf5 35. Nfg4 Nd4 36. Nf6 a5 37. Ne4 Ra1 38. Kg2 Nf5 39. Ng4 Rxd1 40. Ng5 Rg1+ 41. Kh2 Nxh6 0-1

[Event "TUR-ch U13-U18"]
[Site "Antalya"]
[Date "2020.01.24"]
[Round "10"]
[White "Eroz, Enis"]
[Black "Taspinar, Yanki"]
[Result "1/2-1/2"]
[WhiteElo "1631"]
[BlackElo "2215"]
[PlyCount "39"]
[EventDate "2020.01.19"]
[EventType "swiss"]
[EventRounds "11"]
[EventCountry "TUR"]
[SourceTitle "CBM 195 Extra"]
[Source "ChessBase"]
[SourceDate "2020.05.31"]
[SourceVersion "1"]
[SourceVersionDate "2020.05.31"]
[SourceQuality "1"]

1. e4 e5 2. Nf3 Nc6 3. d4 exd4 4. Bc4 Nf6 5. 0-0 Nxe4 6. Re1 d5 7. Bxd5 Qxd5 8. Nc3 Qa5 9. Nxe4 Be6 10. Neg5 0-0-0 11. Nxe6 fxe6 12. Rxe6 h6 13. Qe2 Bd6 14. Bd2 Qf5 15. Qe4 Rhf8 16. Re1 Rf7 17. Qxf5 Rxf5 18. Rg6 Rf7 19. Re4 Be7 20. Ne1 1/2-1/2

[Event "TUR-ch U13-U18"]
[Site "Antalya"]
[Date "2020.01.24"]
[Round "9"]
[White "Ozcan, Alperen"]
[Black "Eroz, Enis"]
[Result "1/2-1/2"]
[WhiteElo "1516"]
[BlackElo "1631"]
[PlyCount "117"]
[EventDate "2020.01.19"]
[EventType "swiss"]
[EventRounds "11"]
[EventCountry "TUR"]
[SourceTitle "CBM 195 Extra"]
[Source "ChessBase"]
[SourceDate "2020.05.31"]
[SourceVersion "1"]
[SourceVersionDate "2020.05.31"]
[SourceQuality "1"]

1. d4 d5 2. Bf4 Nf6 3. e3 c5 4. c3 Nc6 5. Nf3 Qb6 6. Qb3 c4 7. Qxb6 axb6 8. Nbd2 b5 9. Be2 h6 10. 0-0 Bf5 11. Rfc1 b4 12. Ne5 bxc3 13. Rxc3 e6 14. Nxc6 bxc6 15. Rcc1 c3 16. bxc3 Ba3 17. Rf1 Bb2 18. Rad1 Bc2 19. Rde1 Rxa2 20. e4 Nxe4 21. Nxe4 Bxe4 22. Bd2 Ke7 23. Bf3 Bd3 24. Be2 Bxc3 25. Bxc3 Bxe2 26. Bb4+ Kf6 27. Ra1 Rha8 28. Rxa2 Rxa2 29. Re1 e5 30. Bc3 exd4 31. Bxd4+ Kg6 32. Be3 Rc2 33. Rc1 Rxc1+ 34. Bxc1 c5 35. Ba3 c4 36. Bb2 Kf5 37. f3 g5 38. Kf2 Bd1 39. Ke3 h5 40. g3 h4 41. Bc3 Ke6 42. Bb2 Kd6 43. Bf6 Kc5 44. Be7+ Kb5 45. Kd4 hxg3 46. hxg3 Bxf3 47. Bxg5 Kc6 48. Bf4 Kd7 49. Be5 Ke6 50. Bc7 Kf5 51. Bd6 Kg4 52. Bc7 Kh3 53. Bd6 Kg2 54. Bf4 Kf2 55. Kc3 Bg2 56. Kd4 Ke2 57. Kc3 Kf3 58. Kd4 Kf2 59. Kc3 1/2-1/2

[Event "TUR-chT Clubs"]
[Site "Konya"]
[Date "2019.07.19"]
[Round "6.21"]
[White "Eroz, Enis"]
[Black "Ceyhan, Mert"]
[Result "1/2-1/2"]
[WhiteElo "1618"]
[BlackElo "1474"]
[PlyCount "66"]
[EventDate "2019.07.16"]
[EventType "team-swiss"]
[EventRounds "9"]
[EventCountry "TUR"]
[SourceTitle "CBM 191 Extra"]
[Source "ChessBase"]
[SourceDate "2019.09.30"]
[SourceVersion "1"]
[SourceVersionDate "2019.09.30"]
[SourceQuality "1"]
[WhiteTeam "Cotanak"]
[BlackTeam "Bornova Belediyesi Genclik"]
[WhiteTeamCountry "TUR"]
[BlackTeamCountry "TUR"]

1. e4 d6 2. d4 g6 3. Nc3 Bg7 4. Be3 Nf6 5. f3 0-0 6. Qd2 e5 7. Nge2 h5 8. 0-0-0 exd4 9. Nxd4 Nc6 10. Bc4 Nxd4 11. Bxd4 Nd7 12. Bxg7 Kxg7 13. Nd5 Ne5 14. Bb3 Qd7 15. f4 Ng4 16. Qd4+ f6 17. h3 c5 18. Qd2 Nh6 19. c4 b6 20. Rhe1 Bb7 21. Bc2 Bxd5 22. Qxd5 Qf7 23. Qxd6 Qxc4 24. Kb1 Nf7 25. Qc7 Rac8 26. Qb7 Rb8 27. Qc7 Rbc8 28. Qb7 Rb8 29. Qd5 Qxd5 30. Rxd5 Rbd8 31. Red1 Rxd5 32. Rxd5 Rd8 33. Bb3 Rxd5 1/2-1/2